|
|
|
|
| LEADER |
00000nam a2200000 a 4500 |
| 001 |
UCP4699 |
| 003 |
CL-VaPUC |
| 008 |
990813e19950000SP |||||||||||||||||spa|d |
| 082 |
0 |
4 |
|a 372.24
|b EQU
|2 21
|
| 110 |
2 |
|
|a Equipo Kiré Paradigma
|e author
|9 432402
|
| 245 |
1 |
0 |
|a Voy a pensar: nivel II. Lógica matemática
|
| 300 |
|
|
|a v
|
| 942 |
|
|
|c BK
|
| 945 |
|
|
|d 19990813 00:00:00
|a rbrito
|
| 260 |
|
|
|a Madrid
|b Bruño
|c 1995
|
| 500 |
|
|
|a Incluye en forma separada guía metodológica nivel II
|
| 650 |
|
0 |
|a Educación básica
|9 224933
|
| 650 |
|
0 |
|a Matemáticas
|x Enseñanza
|9 875527
|
| 650 |
|
0 |
|a Lógica
|9 256849
|
| 583 |
|
|
|a last modification
|c 19990813 00:00:00
|k Rodrigo Vera
|
| 999 |
|
|
|c 282601
|d 282599
|
| 952 |
|
|
|0 0
|1 0
|4 0
|6 372_240000000000000_EQU_1995
|7 0
|8 P
|9 324618
|a BIBEDU
|b BIBEDU
|c BIBEDU_PB
|d 2019-11-20
|h v.4
|i 3540448
|o 372.24 EQU 1995
|p 3540448
|r 2024-01-25
|w 2019-11-20
|y BK
|k BME
|
| 952 |
|
|
|0 0
|1 0
|4 0
|6 372_240000000000000_EQU_1995
|7 0
|8 P
|9 324619
|a BIBEDU
|b BIBEDU
|c BIBEDU_PB
|d 2019-11-20
|h v.5
|i 3540456
|o 372.24 EQU 1995
|p 3540456
|r 2024-01-25
|w 2019-11-20
|y BK
|k BME
|
| 952 |
|
|
|0 0
|1 0
|4 0
|6 372_240000000000000_EQU_1995
|7 0
|8 P
|9 324620
|a BIBEDU
|b BIBEDU
|c BIBEDU_PB
|d 2019-11-20
|h v.6
|i 3540464
|o 372.24 EQU 1995
|p 3540464
|r 2024-01-25
|w 2019-11-20
|y BK
|k BME
|
| 952 |
|
|
|0 0
|1 0
|4 0
|6 372_240000000000000_EQU_1995
|7 0
|8 P
|9 324621
|a BIBEDU
|b BIBEDU
|c BIBEDU_PB
|d 2019-11-20
|i 3540472
|o 372.24 EQU 1995
|p 3540472
|r 2024-01-25
|w 2019-11-20
|y BK
|k BME
|